All Creedence Clearwater Revival Songs - Statistics

General Stats
  • This quiz has been taken 184 times
  • The average score is 25 of 69
Answer Stats
Album Song % Correct
Willy and the Poor Boys Fortunate Son
93%
Pendulum Have You Ever Seen the Rain?
87%
Bayou Country Proud Mary
84%
Green River Green River
83%
Green River Bad Moon Rising
80%
Willy and the Poor Boys Down on the Corner
79%
Bayou Country Born on the Bayou
76%
Cosmo's Factory Lookin' Out My Back Door
72%
Cosmo's Factory Who'll Stop the Rain
71%
Creedence Clearwater Revival Suzie Q
69%
Cosmo's Factory I Heard It Through the Grapevine
68%
Cosmo's Factory Up Around the Bend
63%
Green River Lodi
62%
Creedence Clearwater Revival I Put a Spell on You
61%
Cosmo's Factory Run Through the Jungle
59%
Willy and the Poor Boys Cotton Fields
51%
Cosmo's Factory Long As I Can See the Light
50%
Willy and the Poor Boys The Midnight Special
49%
Cosmo's Factory Travelin' Band
48%
Pendulum Hey Tonight
43%
Mardi Gras Someday Never Comes
42%
Bayou Country Good Golly, Miss Molly
39%
Mardi Gras Sweet Hitch-Hiker
39%
Green River Commotion
38%
Cosmo's Factory Ramble Tamble
37%
Bayou Country Keep on Chooglin
34%
Green River Tombstone Shadow
33%
Green River Wrote a Song for Everyone
31%
Bayou Country Bootleg
30%
Willy and the Poor Boys It Came Out of the Sky
30%
Mardi Gras Hello Mary Lou
29%
Pendulum Molina
29%
Cosmo's Factory Ooby Dooby
29%
Pendulum Pagan Baby
28%
Cosmo's Factory Before You Accuse Me
26%
Creedence Clearwater Revival Porterville
26%
Willy and the Poor Boys Feelin' Blue
25%
Bayou Country Graveyard Train
25%
Willy and the Poor Boys Poorboy Shuffle
25%
Green River The Night Time Is the Right Time
25%
Willy and the Poor Boys Effigy
24%
Green River Sinister Purpose
23%
Pendulum Sailor's Lament
22%
Pendulum Born to Move
21%
Green River Cross-Tie Walker
21%
Willy and the Poor Boys Don't Look Now (It Ain't You or Me)
21%
Bayou Country Penthouse Pauper
21%
Pendulum Chameleon
20%
Cosmo's Factory My Baby Left Me
20%
Creedence Clearwater Revival Ninety-Nine and a Half (Won't Do)
20%
Creedence Clearwater Revival Walk on the Water
20%
Mardi Gras Door to Door
19%
Creedence Clearwater Revival The Working Man
19%
Pendulum It's Just a Thought
18%
Mardi Gras Lookin' for a Reason
18%
Pendulum (Wish I Could) Hideaway
18%
Mardi Gras Sail Away
17%
Willy and the Poor Boys Side o' the Road
17%
Mardi Gras Take It Like a Friend
17%
Creedence Clearwater Revival Gloomy
16%
Pendulum Rude Awakening #2
16%
Mardi Gras Tearin' Up the Country
16%
Creedence Clearwater Revival Get Down Woman
14%
Green River Glory Be
14%
Green River Broken Spoke Shuffle
13%
Mardi Gras Need Someone to Hold
13%
Mardi Gras What Are You Gonna Do
12%
Bayou Country Crazy Otto
11%
Creedence Clearwater Revival Call It Pretending
10%
No matching quizzes found
Score Distribution
Percent of People with Each Score
Percentile by Number Answered
Your Score History
You have not taken this quiz